000 00951nam a2200265 a 4500
001 34759
003 BD-RjUL
005 20211209052216.0
008 140519r1972197 nyua 001 0 eng d
035 _a(BD-RjUL)
040 _aANL
_beng
_cANL
_dBD-RjUL
041 _aeng
082 0 4 _a301.45151073
_bMAS 1972
100 1 _aMangano, Antonio,
_d1869-
_9105776
245 1 0 _aSons of Italy :
_ba social and religious study of the Italians in America /
_cby Antonio Mangano
260 _aNew York :
_bRussell & Russell,
_c1972.
300 _axii, 234 p. :
_billus. ;
_c23 cm.
500 _a"Edited under the direction of Missionary Education Movement of the United States and Canada.".
500 _a"A facsimile reprint.".
504 _aBibliography: p. 223-228.
650 0 _aItalians in the United States.
_9105777
710 1 _aMissionary Education Movement of the United States and Canada.
_9105778
942 _2ddc
_cBK
999 _c34759
_d34759